Statistics for Random Capitals #2

Click here to take the quiz!

General Stats

  • This quiz has been taken 45 times
  • The average score is 14 of 15

Answer Stats

CapitalsCountry% Correct
OttowaCanada
100%
BeijingChina
100%
CanberraAustralia
98%
Kuala LumpurMalaysia
98%
LimaPeru
98%
Andorra La VellaAndorra
95%
TallinnEstonia
95%
KathmanduNepal
95%
QuitoEcuador
93%
TripoliLibya
93%
Addis AbabaEthiopia
91%
Sri Jayawardenapura KotteSri Lanka
91%
DohaQatar
86%
FreetownSierra Leone
79%
St GeorgeGrenada
72%

Score Distribution

Percentile by Number Answered

Percent of People with Each Score

Your Score History

You have not taken this quiz